000 00799nam a2200241 i 4500
001 25891
003 ES-MaACL
005 20230906153341.0
007 t|
008 030103s1956 sp ||||1| spa d
100 1 _aArnaboldi, Paolo.
_923012
245 1 3 _aLa familia de Dios
_b: (Famiglia di Dio) /
_cPaolo Arnaboldi ; [traducción dirigida por Jesús L. de Lara].
260 _aMadrid :
_bEuroamérica,
_c[1956] (
_fBlass)
300 _a332 p., 8 lám. :
_b1 gráf. pleg. ;
_c18 cm.
490 1 _aMundo mejor
500 _aPrecede a tít.: Fraterno Aiuto Cristiano.
700 1 _aLara, Jesús L. de.
_970204
710 2 _aFraterno Aiuto Cristiano.
_94180
740 0 _aFamiglia di Dio.
830 0 _aMundo mejor
_9181381
852 _aES-MaACL
_jC-11951
_bR.39929
999 _c25891
_d25891